01368nam a22001577a 4500008004100000020001800041050002500059245008400084250001200168260003300180300001900213440002900232500002000261505091100281700001801192140905b xxu||||| |||| 00| 0 eng d a9781405738125 aKD310.H34(5e vol.12) aHalsbury's laws of England, vol.12 : Civil Procedure. /cedited by Lord Mackay. a5th ed. aLondon:bLexis Nexis,c2009. a713p. :c26cm. pCivil procedure.vVol.12 aIncludes index. aContents: How to use Halsbury's Law of England -- References and abbreviations -- Table of statutes -- Table of statutory Instruments -- Table of civil procedure -- Table of European community Legislation -- Table of conventions etc -- Table of cases -- Introduction -- Framework of civil procedure -- Orgainsation and administration of civil courts -- Pre- commencement procedures -- Commencement of proceedings -- Service of documents -- Responding to a claim -- Parties -- Case management -- Applications -- Interim remedies -- Injunctions -- Disposal of proceedings without trial -- Disclosure of documents -- Pleading and statements of case -- Set- off -- Discontinuance -- Offers to settle and payments into court -- Security for costs -- Evidence -- The Trial Process -- Judgements and orders -- Enforcement of judgement and orders -- Miscellaneous proceedings -- Appeals and references -- Costs.  aMackay, Lord.